书目信息 |
| 题名: |
团队腾飞
|
|
| 作者: | 约翰斯能 , 米德 著 ;天向互动教育中心 编译 | |
| 分册: | ||
| 出版信息: | 北京 清华大学出版社 2003.07 |
|
| 页数: | 100页 | |
| 开本: | 26cm | |
| 丛书名: | ||
| 单 册: | ||
| 中图分类: | F272.9 | |
| 科图分类: | ||
| 主题词: | 企业经济 | |
| 电子资源: | ||
| ISBN: | 7-302-06589-6 | |
| 000 | 00777nam0 2200229 45 | |
| 001 | 0440154767 | |
| 005 | 2004042911091317 | |
| 010 | @a7-302-06589-6@dCNY 15.00 | |
| 100 | @a20040429d2003 km y0chiy0120 ea | |
| 101 | 0 | @achi |
| 102 | @aCN@b110000 | |
| 200 | 1 | @a团队腾飞@Atuan dui teng fei@f(英)约翰斯能,(英)米德著;天向互动教育中心编译@F(ying)yue han si neng,(ying)mi de zhu;tian xiang hu dong jiao yu zhong xin bian yi |
| 210 | @a北京@c清华大学出版社@d2003.07 | |
| 215 | @a100页@d26cm | |
| 300 | @a通用能力认证指定培训教材 | |
| 606 | 0 | @a企业经济 |
| 690 | 1 | @aF272.9@v4 |
| 701 | 0 | @a约翰斯能@Ayue han si neng@4著 |
| 701 | 0 | @a米德@Ami de@4著 |
| 712 | 0 | @a天向互动教育中心@Atian xiang hu dong jiao yu zhong xin@4编译 |
| 801 | 0 | @aCN@bPFT@c20040429 |
| 905 | @dF272.9@eY944 | |
| 团队腾飞/(英)约翰斯能,(英)米德著;天向互动教育中心编译.-北京:清华大学出版社,2003.07 |
| 100页;26cm |
| 通用能力认证指定培训教材 |
| ISBN 7-302-06589-6:CNY 15.00 |
| ● |
| 相关链接 |
|
|
|
正题名:团队腾飞
索取号:F272.9/Y944
 
预约/预借
| 序号 | 登录号 | 条形码 | 馆藏地/架位号 | 状态 | 备注 |
| 1 | 381032 | 203810322 | 社科库409/ [索取号:F272.9/Y944] | 在馆 | |
| 2 | 381033 | 203810331 | 社科库409/409社科库 88排4列4层/ [索取号:F272.9/Y944] | 在馆 | |
| 3 | 381034 | 203810340 | 社科库409/409社科库 88排4列4层/ [索取号:F272.9/Y944] | 在馆 |